<?xml version="1.0" encoding="UTF-8"?>
<resp>
  <nextPage>https://data.bn.org.pl/api/networks/bibs.marcxml?marc=001+b00001150002453&amp;sinceId=1150002454</nextPage>
  <collection>
    <record xmlns='http://www.loc.gov/MARC21/slim'><leader>01144nam a2200313 i 4500</leader><controlfield tag='001'>b00001150002453</controlfield><controlfield tag='005'>20260310074251.6</controlfield><controlfield tag='008'>230609s        pl           |000 0 pol c</controlfield><controlfield tag='009'>9913261251805606</controlfield><datafield ind1=' ' ind2=' ' tag='035'><subfield code='a'>KR_1KR_1_20120318001808071767-48omnis_kr</subfield></datafield><datafield ind1=' ' ind2=' ' tag='035'><subfield code='a'>KR_1_20120318001808071767</subfield><subfield code='9'>ExL</subfield></datafield><datafield ind1=' ' ind2=' ' tag='035'><subfield code='a'>(PL)b00001150002453</subfield></datafield><datafield ind1=' ' ind2=' ' tag='040'><subfield code='a'>KR_1</subfield><subfield code='c'>KR_1</subfield></datafield><datafield ind1='0' ind2=' ' tag='041'><subfield code='a'>pol</subfield></datafield><datafield ind1='1' ind2=' ' tag='100'><subfield code='a'>Kraszewski, Józef Ignacy</subfield><subfield code='d'>(1812-1887)</subfield></datafield><datafield ind1='1' ind2='0' tag='245'><subfield code='a'>Pogrobek :</subfield><subfield code='b'>powieść historyczna z czasów Przemysławowskich /</subfield><subfield code='c'>Józef Ignacy Kraszewski ; [posł. i przypisami opatrzyła Ewa Warzenica]</subfield></datafield><datafield ind1=' ' ind2=' ' tag='250'><subfield code='a'>Wyd. 2.</subfield></datafield><datafield ind1=' ' ind2=' ' tag='260'><subfield code='a'>W-wa :</subfield><subfield code='b'>Ludowa Spółdzielnia Wydawnicza,</subfield><subfield code='c'>1969.</subfield></datafield><datafield ind1=' ' ind2=' ' tag='300'><subfield code='a'>283 s. ;</subfield><subfield code='c'>21 cm.</subfield></datafield><datafield ind1='1' ind2=' ' tag='490'><subfield code='a'>Dzieje Polski</subfield></datafield><datafield ind1=' ' ind2=' ' tag='500'><subfield code='a'>p</subfield></datafield><datafield ind1=' ' ind2='9' tag='650'><subfield code='a'>Powieść polska</subfield><subfield code='y'>19 w.</subfield></datafield><datafield ind1='1' ind2=' ' tag='700'><subfield code='a'>Warzenica-Zalewska, Ewa</subfield><subfield code='d'>(1922-1993)</subfield><subfield code='e'>Przedm *Opracowanie</subfield></datafield><datafield ind1=' ' ind2=' ' tag='852'><subfield code='b'>48OMNIS_NETWORK</subfield><subfield code='8'>9913261251805606</subfield></datafield><datafield ind1=' ' ind2=' ' tag='852'><subfield code='b'>48OMNIS_KR</subfield><subfield code='8'>991000024529708216</subfield></datafield><datafield ind1=' ' ind2=' ' tag='852'><subfield code='8'>2216035950008216</subfield><subfield code='j'>1</subfield><subfield code='b'>KR_7_1</subfield><subfield code='p'>KR_7_0007558</subfield><subfield code='c'>KR_7_1_1</subfield></datafield></record>
  </collection>
</resp>
